000 00586 a2200121 4500
001 ART_50788
005 20260410162043.0
008 260409a
245 1 0 _aComentarios sobre los delitos tributarios en el proyecto de Código Penal
653 _aPara analizar el sentido de las diferencias que presenta el con el texto vigente, debemos comenzar aclarando que la decisión de llevar al terreno del derecho penal las infracciones tributarias es de política criminal
100 1 _aD´Albora, Francisco J. (h)
773 0 _tImpuestos
_g- N° 71 (mar. 2020)
_wREV45175
999 _c35127
_d35127